书目信息 |
| 题名: |
家庭养花必备手册
|
|
| 作者: | 沈宗英 , 白皋 主编 | |
| 分册: | 室内篇 | |
| 出版信息: | 上海 上海科学技术文献出版社 2008.01 |
|
| 页数: | 346页 | |
| 开本: | 21cm | |
| 丛书名: | ||
| 单 册: | ||
| 中图分类: | S68-62 | |
| 科图分类: | ||
| 主题词: | 花卉--hua hui--观赏园艺--基本知识 | |
| 电子资源: | ||
| ISBN: | 978-7-5439-3277-7 | |
| 000 | 00860nam0 2200253 450 | |
| 001 | 012008399903 | |
| 005 | 20080602110225.01 | |
| 010 | @a978-7-5439-3277-7@dCNY19.80 | |
| 100 | @a20080602d2008 em y0chiy0120 ea | |
| 101 | 0 | @achi |
| 102 | @aCN@b310000 | |
| 105 | @aa z 000yy | |
| 106 | @ar | |
| 200 | 1 | @a家庭养花必备手册@Ajia ting yang hua bi bei shou ce@i室内篇@f沈宗英, 白皋主编@Fshen zong ying,bai gao zhu bian |
| 210 | @a上海@c上海科学技术文献出版社@d2008.01 | |
| 215 | @a346页@c图@d21cm | |
| 330 | @a本书分别介绍了植物的生长习性、繁殖、栽培管理、病虫害防治、专家疑难问题解答五部分内容。 | |
| 517 | 1 | @a室内篇@Ashi nei pian |
| 606 | 0 | @a花卉@Ahua hui@x观赏园艺@x基本知识 |
| 690 | @aS68-62@v4 | |
| 701 | 0 | @a沈宗英@Ashen zong ying@4主编 |
| 701 | 0 | @a白皋@Abai gao@4主编 |
| 801 | 0 | @aCN@bQSSK@c20080602 |
| 905 | @b722175-77@dS68-62@eS458@f3 | |
| 家庭养花必备手册.室内篇/沈宗英, 白皋主编.-上海:上海科学技术文献出版社,2008.01 |
| 346页:图;21cm |
| ISBN 978-7-5439-3277-7:CNY19.80 |
| 本书分别介绍了植物的生长习性、繁殖、栽培管理、病虫害防治、专家疑难问题解答五部分内容。 |
| ● |
| 相关链接 |
|
|
|
正题名:家庭养花必备手册
索取号:S68-62/S458
 
预约/预借
| 序号 | 登录号 | 条形码 | 馆藏地/架位号 | 状态 | 备注 |
| 1 | 722175 | 207221754 | 自科库401/401自科库 68排1列2层/ [索取号:S68-62/S458] | 在馆 | |
| 2 | 722176 | 207221763 | 期刊室512/401自科库 68排1列2层/ [索取号:S68-62/S458] | 在馆 | |
| 3 | 722177 | 207221772 | 期刊室512/401自科库 68排1列2层/ [索取号:S68-62/S458] | 在馆 |